Detalles MARC
| 000 -LÍDER |
| Campo fijo de descripción fija |
01143nam a2200325 i 4500 |
| 001 - NÚMERO DE CONTROL |
| Campo de control |
70141799 |
| 003 - IDENTIFICADOR DEL NÚMERO DE CONTROL |
| Campo de control |
CO-MdFUSB |
| 005 - FECHA Y HORA DE LA ULTIMA TRANSACCIÓN |
| control field |
20180622170748.0 |
| 008 - ELEMENTOS DE LONGITUD FIJA -- INFORMACIÓN GENERAL |
| Campo fijo de descripción fija -- Información general |
060620t2005 nyuaf g b 001 0 eng d |
| 020 ## - NÚMERO INTERNACIONAL NORMALIZADO PARA LIBROS |
| Número Internacional Normalizado del libro |
0393327795 (pbk.) : |
| 020 ## - NÚMERO INTERNACIONAL NORMALIZADO PARA LIBROS |
| Número Internacional Normalizado del libro |
9780393327793 (pbk.) |
| 040 ## - FUENTE DE CATALOGACIÓN |
| Agencia de catalogación original |
VHB |
| Agencia que realiza la transcripción |
CO-MdFUSB |
| Agencia que realiza la modificación |
CO-MdFUSB |
| Idioma de catalogación |
spa |
| Convenciones de la descripción |
rda |
| 041 ## - CÓDIGO DE IDIOMA |
| Código de idioma para texto/pista de sonido o título separado |
eng |
| 082 ## - NÚMERO DE CLASIFICACIÓN DECIMAL DEWEY |
| Número de la edición del Dewey |
23 |
| Número de clasificación |
G 570 |
| Clave de autor-Numero de item |
C319e |
| 100 1# - ASIENTO PRINCIPAL--NOMBRE PERSONAL |
| Nombre personal |
Carroll, Sean B. |
| Término relacionador |
autor |
| 245 10 - TÍTULO |
| Título del Material |
Endless forms most beautiful |
| Parte restante del título - Subtitulo |
: the new science of Evo Devo and the making of the animal kingdom |
| Mención de responsabilidad, etc. |
/ Sean B. Carroll. |
| 264 #1 - PRODUCCIÓN, PUBLICACIÓN, DISTRIBUCIÓN, MANUFACTURA, Y COPYRIGHT |
| Lugar de producción, publicación, distribución, manufactura |
New York : |
| Nombre del productor, publicador, distribuidor |
W. W. Norton & Co., |
| Fecha de producción, publicación, distribución, manufactura, o copyright |
℗[2005] |
| 264 #4 - PRODUCCIÓN, PUBLICACIÓN, DISTRIBUCIÓN, MANUFACTURA, Y COPYRIGHT |
| Fecha de producción, publicación, distribución, manufactura, o copyright |
©2005 |
| 300 ## - DESCRIPCIÓN FÍSICA |
| Extensión |
xi, 350 páginas, [16] páginas de placas : |
| Otros detalles físicos |
ilustraciones (algunas a color) ; |
| Dimensiones |
21 cm. |
| 336 ## - TIPO DE CONTENIDO |
| Fuente |
rdacontent |
| Término de tipo de contenido |
|
| Código de tipo de contenido |
|
| 337 ## - TIPO DE MEDIO |
| Fuente |
rdamedia |
| Nombre del tipo de medio |
|
| Código del tipo de medio |
|
| 338 ## - TIPO DE SOPORTE |
| Fuente |
rdacarrier |
| Nombre del tipo de soporte |
|
| Código Tipo de soporte |
|
| 501 ## - NOTA DE “CON” |
| Nota de Contenido |
Incluye índice (p. 333- 350) |
| 505 ## - NOTA DE CONTENIDO |
| Nota de contenido con formato preestablecido |
Parte I. La fabricación de animales -- Parte II. Fósiles, genes y la creación de la diversidad animal |
| 650 #0 - ASIENTO SECUNDARIO DE MATERIA - TERMINO TEMÁTICO |
| Término temático o nombre geográfico como elemento de entrada |
Biología |
| 9 (RLIN) |
15 |
| 653 ## - TÉRMINO DE INDIZACIÓN - NO CONTROLADO |
| Término no controlado |
Genética evolutiva |
| 653 ## - TÉRMINO DE INDIZACIÓN - NO CONTROLADO |
| Término no controlado |
Genética del desarrollo |
| 942 ## - TIPO DE MATERIAL (KOHA) |
| Tipo de Item KOHA |
Libros General |